|
|
|
|
| LEADER |
00000naa a2200000uu 4500 |
| 001 |
vtls011034010 |
| 003 |
SK-MaSNL |
| 005 |
20260302124806.0 |
| 008 |
210907|2006 xo |||||||||||||||||slo| |
| 015 |
|
|
|a SNBRA
|
| 035 |
|
|
|a (urnnbn)urn:nbn:sk:snk:ar-008si4
|
| 035 |
|
|
|a (uuid)7595651d-3f80-4b68-acf9-856ed5e15039
|
| 035 |
|
|
|a urn:nbn:sk:snk-aauocg
|
| 040 |
|
|
|a SNKBUCL
|b slo
|c SNKBUCL
|e AACR2
|
| 041 |
0 |
|
|a slo
|
| 044 |
|
|
|a xo
|c SK
|
| 100 |
1 |
|
|a Vargová, Andrea
|4 aut
|9 320133
|
| 245 |
1 |
0 |
|a Možnosti využitia IKT pri vyučovaní tém: "Telové tekutiny" a "Srdce a cievna sústava"
|c Andrea Vargová
|
| 773 |
0 |
|
|t Biológia v škole dnes a zajtra
|d Ružomberok : Edičné stredisko Katolíckej univerzity, 2006
|g S. 76-77
|z 8080840881
|
| 958 |
|
|
|a OND
|
| 958 |
|
|
|a article12
|
| 958 |
|
|
|a chapter
|
| 999 |
|
|
|c 1290133
|d 1292063
|